| 000 | 00823cam a22002174a 4500 | ||
|---|---|---|---|
| 020 | _a0071367128 | ||
| 082 | 0 | 0 |
_a624.17 _bKAR _cN-01, P-89 |
| 100 | 1 |
_aKarnovskiÄ, I. A. _942639 |
|
| 245 | 1 | 0 |
_aFormulas for structural dynamics : _btables, graphs, and solutions / _cIgor A. Karnovsky, Olga I. Lebed. |
| 260 |
_aNew York : _bMcGraw-Hill, _c2001. |
||
| 300 |
_axxiii, 535 p. : _bill. _c24 cm. |
||
| 526 |
_a0 _b0 _c0 _d624_170000000000000_KAR |
||
| 650 | 0 |
_aNUST _96342 |
|
| 650 | 0 |
_aStructural analysis (Engineering) _9654 |
|
| 650 | 0 |
_aStructural dynamics. _910008 |
|
| 700 | 1 |
_aLebed, Olga I. _942640 |
|
| 856 | 4 | 1 | _uhttp://www.loc.gov/catdir/toc/mh021/00062451.html |
| 856 | 4 | 2 | _uhttp://www.loc.gov/catdir/bios/mh041/00062451.html |
| 856 | 4 | 2 | _uhttp://www.loc.gov/catdir/description/mh021/00062451.html |
| 942 |
_2ddc _cBK |
||
| 999 |
_c546492 _d546492 |
||